LEADER 00857nam a2200229 i 4500 001 000000206728 003 CaOOAMICUS 005 20250701143226.0 008 111012s1969 it u000 u ita u 013 $a185500 040 $aSeMil$bita 245 13$aLa politica estera :$b1924-1926. 300 $aXXI, 978 p. 490 0 $aBiblioteca di cultura storica ;$v78 650 4$aRussia - Storia.$0(OLS)http://semarc/subject/2443 700 1 $aCarr, Edward H.$0(OLS)http://semarc/name/11344 773 0 $aCarr, Edward H.$tSocialismo in un solo paese.$g2$w()25559 830 0$aBiblioteca di cultura storica ;$v78.$0(OLS)http://semarc/title/365 850 $aSeMil 852 $aSeMil$W1$xVenegono$y1$m3U III 174$j157191$B157191$CSeMilBibl$Z2$F168516 $81 996 $6245$aLa politica estera :$b1924-1926$9(OLS)http://semarc/title/298932 LEADER 00908nam a2200229 i 4500 001 000000080379 003 CaOOAMICUS 005 20180202000000.0 008 180202s1850 it u000 u ita u 013 $a52617 040 $aSeMil$bita 100 1 $aBoero, Giuseppe .$0(OLS)http://semarc/name/15906 245 13$aLa rivoluzione romana al giudizio degli imparziali /$c[Giuseppe Boero]. 260 $aFirenze :$bSimone Birindelli,$c1850. 300 $a359 p. ;$c24 cm. 650 4$aRepubblica romana <1849>.$0(OLS)http://semarc/subject/45308 850 $aSeMil 852 $aSeMil$W1$xVenegono$y1$m3T IV 22 FA$j45875$B45875$CSeMilBibl$Z2$F47976 $8I 941 1 $a10 961 $aRecupero: Mantegazza 996 $6245$aLa rivoluzione romana al giudizio degli imparziali$9(OLS)http://semarc/title/403898 996 $6260$aFirenze :$bSimone Birindelli$9(OLS)http://semarc/publisher/56512